000 01079nam a2200313Ia 4500
003 OSt
005 20221007124125.0
006 a|||||r|||| 00| 0
007 ta
008 221006b |||||||| |||| 00| 0 eng d
020 _a9781405190886 (hbd)
024 _a86213
037 _b2164, 22/10/2009, New India Book Agency
_cTextbook
040 _aCDL
_cCDL
_beng
041 _2eng
_aeng
082 _aE5:25, P9 Carc
100 _aKlan Petr
_9718462
245 0 _aPhotochemistry of organic compounds from concepts to practice
_b Wirz Jakob
260 _aChichester
_bWiley
_c2009
300 _axviii, 563p.
_ccm.
490 _aPostgraduate chemistry series
500 _aIncludes bibliographical references.; References 471- 548p.; Index 549- 563p.
650 _a Organic compounds- synthesis
650 _a Organic photochemistry
_9717952
650 _aChemistry
700 _a Wirz Jakob
_9718463
942 _hE5:25, P9 Carc
_cTB
_2CC
999 _c1213030
_d1213030